| 000 | 01426nam2a2200277 4500 | ||
|---|---|---|---|
| 001 | RU\NLR\bibl\1971755 | ||
| 005 | 20250616210117.0 | ||
| 010 |
_a978-5-89846-927-6 _9300 |
||
| 035 | _a(NLR Aleph) 001960576 | ||
| 090 |
_a3819738 _c3819738 |
||
| 100 | _a20121128d2010 |||y0rusy50 ca | ||
| 101 | 0 | _arus | |
| 102 | _aRU | ||
| 105 | _ay ||||||||| | ||
| 200 | 0 |
_a2008, вып. 9 _f... Учреждение Ханты-Манс. авт. окр. - Югры "Гос. б-ка Югры", Отд. краевед. лит. и библиогр. _g[сост.: Г.Я. Фетисова _gред. библиогр. описания: Л.И. Яркова] |
|
| 210 |
_d2010 _aБ. м. |
||
| 215 | _a107 с. | ||
| 320 | _aИмен. указ.: с. 81-89 | ||
| 461 | 0 |
_1001RU\NLR\bibl\325134 _12001#$aКраеведческая книга$v2008, вып. 9 _992025 _cХанты-Мансийск _d2002 _fДеп. культуры и искусства Ханты-Манс. авт. окр., Гос. центр. окр. б-ка _nПолиграфист _oБиблиогр. указ. лит. о Ханты-Манс. авт. окр. _tКраеведческая книга _v2008, вып. 9 |
|
| 702 | 1 |
_aФетисова _bГ. Я. _gГалина Яковлевна _4220 |
|
| 702 | 1 |
_aЯркова _bЛ. И. _4340 |
|
| 801 | 0 |
_aRU _bNLR _c20121128 _gRCR |
|
| 801 | 1 |
_aRU _bNLR _c20121128 |
|
| 942 | _cBOOK | ||
| 980 | _aNB | ||